000 00212nam a22000857a 4500
003 SGT
245 _aLIGHTING JOURNAL(FEB,APRIL,,JUNE,AUG)
260 _aNEW DELHI
_bSTANDARD INDUSTRIES LIMITED
_c2011
942 _2ddc
_cBV
999 _c16989
_d16989